El rol de la mujer en la utilización de los recursos naturales en el Paraguay : (Registro nro. 4573)

Detalles MARC
000 -CABECERA
Campo de control 01303cam a22003014a 4500
005 - FECHA Y HORA DE LA ULTIMA TRANSACCION
Campo de control 20160802143330.0
008 - ELEMENTOS DE LONGITUD FIJA—INFORMACION GENERAL
Campo de control 040727s1996 py ab b 000 0 spa
040 ## - FUENTE DE CATALOGACIÓN
Agencia catalogadora original DLC
Agencia transcriptora DLC
Agencia Modificadora DLC
-- CO-BoIAVH
041 0# - IDIOMA
Código de idioma para texto/pista de sonido o título separado Español
044 ## - PAÍS DE PUBLICACIÓN
País de publicación Paraguay
082 04 - NUMERO DE CLASIFICACION DECIMAL DEWEY
Número de clasificación 333.72082
Número del ítem R64m
245 03 - MENCION DE TITULO
Título El rol de la mujer en la utilización de los recursos naturales en el Paraguay :
Parte restante del título un enfoque multidisciplinario /
Mención de responsabilidad Blanca A. de Masulli [y otros 7].
260 ## - PUBLICACION, DISTRIBUCION, ETC. (PIE DE IMPRENTA)
Lugar de publicación, distribución, etc. Asunción, Paraguay :
Nombre del editor, distribuidor, etc. Universidad Nacional de Asunción,
Fecha de publicación, distribución, etc. [1996].
300 ## - DESCRIPCION FISICA
Extensión 247 páginas :
Otros detalles físicos ilustraciones (algunas a color), mapas ;
Dimensiones 27 x 19 cm.
504 ## - NOTA DE BIBLIOGRAFIA, ETC.
Nota de bibliografía Incluye referencias bibliográficas: páginas 237-247.
650 26 - ASIENTO SECUNDARIO DE MATERIA - TERMINO TEMATICO
Término temático o nombre geográfico como elemento de entrada Desarrollo sostenible
Subdivisión general Mujeres
Subdivisión geográfica Paraguay
9 (RLIN) 73915
650 26 - ASIENTO SECUNDARIO DE MATERIA - TERMINO TEMATICO
Término temático o nombre geográfico como elemento de entrada Conservación de los recursos
Subdivisión general Mujeres
Subdivisión geográfica Paraguay
9 (RLIN) 73916
650 26 - ASIENTO SECUNDARIO DE MATERIA - TERMINO TEMATICO
Término temático o nombre geográfico como elemento de entrada Ordenación de recursos naturales
Subdivisión general Mujeres
Subdivisión geográfica Paraguay
9 (RLIN) 73917
650 26 - ASIENTO SECUNDARIO DE MATERIA - TERMINO TEMATICO
Término temático o nombre geográfico como elemento de entrada Recursos naturales
Subdivisión general Mujeres
Subdivisión geográfica Paraguay
9 (RLIN) 73918
700 1# - ASIENTO SECUNDARIO - NOMBRE PERSONAL
Nombre personal Masulli, Blanca A. de.
Término de relación autora
9 (RLIN) 73919
700 1# - ASIENTO SECUNDARIO - NOMBRE PERSONAL
Nombre personal Mereles, Fátima
Término de relación autora
9 (RLIN) 22016
700 1# - ASIENTO SECUNDARIO - NOMBRE PERSONAL
Nombre personal Aquino, Aida Luz
Término de relación autora
9 (RLIN) 73920
700 1# - ASIENTO SECUNDARIO - NOMBRE PERSONAL
Nombre personal Gamarra de Fox, Isabel
Término de relación autora
9 (RLIN) 22017
700 1# - ASIENTO SECUNDARIO - NOMBRE PERSONAL
Nombre personal Rossato, Verónica
Término de relación autora
9 (RLIN) 22019
700 1# - ASIENTO SECUNDARIO - NOMBRE PERSONAL
Nombre personal Sottoli, Susana
Término de relación autora
9 (RLIN) 22020
700 1# - ASIENTO SECUNDARIO - NOMBRE PERSONAL
Nombre personal Vera Monge, Victor
Término de relación autor
9 (RLIN) 22021
942 ## - ELEMENTOS ADICIONALES (KOHA)
Sistema de clasificación Dewey Decimal Classification
Tipo de ítem Libro
Existencias
Withdrawn status Lost status Sistema de Clasificación Damaged status No para préstamo Colección Inventariado Ubicación Permanente Ubicación actual Fecha de adquisición Fuente de Valor Valor Total Checkouts Número topográfico Inventario / Código de Barras Date last seen Ejemplar Price effective from Forma de adquisición Tipo de material
    Dewey Decimal Classification     General Inventariado 2017 Sala Fabio Quevedo Sala Fabio Quevedo 14/06/2005 Instituto 39000.00   LB-333.72082 R64m 016879 04/12/2012 Ej. 1 04/12/2012 Donación Libro